000 01376nam a2200349Ia 4500
001 Z_6254
003 CHAP
005 20231107173042.0
008 220113s2011 xx 000 0 und d
010 _a169509
040 _cCHAP
090 _aTesis M37 2212
100 _aMartínez Alonso, Sharain Guadalupe
_9144327
245 _aRendimiento de forraje de asociaciones alfalfa - zacate en temporal con riego restringido en invierno /
_cSharain Guadalupe Martínez Alonso y Alejandra Pérez Hernández
260 _aChapingo, México :
_bEl autor,
_c2011
300 _a44 h.
502 _aTesis (Ingeniero Agrónomo Especialista en Zootecnia) -- UACh, 2011 \ Dirección: Jose Luis Zaragoza Ramírez ; asesoría: José Reyes Galaviz Rodríguez y Pedro A. Martínez Hernández
650 _aAlfalfa
_93847
650 _aAportación botánica
_9144328
650 _aComposición Morfológica
_9144329
650 _aRendimiento de cultivo
_9144330
700 _a Martínez Hernández, Pedro A., asesor
_9144331
700 _a Reyes Galaviz, José, asesor
_9144332
700 _a Zaragoza Ramírez, José Luis, director
_9144333
700 _aPérez Hernández, Alejandra, coaut.
_9144334
856 4 2 _uhttp://10.13.5.2/tesis/114448.pdf
_yDescargar PDF
901 _aTESIS M37 2212
902 _aM
910 _a2011
942 _c2
_2ddc
942 _c2
_2ddc
999 _c169509
_d169509